Basic Web Safe Colors Quiz - Statistics

General Stats
  • This quiz has been taken 11 times
  • The average score is 13 of 16
Answer Stats
Hint Answer % Correct
. Black
100%
. Blue
100%
. Gray
100%
. Green
100%
. Purple
100%
. Red
100%
. White
100%
. Yellow
100%
. Aqua
83%
. Navy Blue
83%
. Fuchsia
67%
. Lime
67%
. Maroon
67%
. Teal
67%
. Olive
50%
. Silver
50%
No matching quizzes found
Score Distribution
Percent of People with Each Score
Percentile by Number Answered
Your Score History
You have not taken this quiz